000 00397nam a22001697a 4500
003 OSt
008 200711b ||||| |||| 00| 0 eng d
020 _a9789388706209
082 _a615 BOT
100 _a Bothara,K. G Bothara,K. K
245 _aPharmacology - I
250 _a2019
260 _aN Delhi
_bNirali Prakashan
_c2019
300 _a22.12
650 _aPharmacology
942 _2ddc
_cBK
999 _c8835
_d8835